000 02749cam a2200445 i 4500
003 EG-GICUC
005 20260203091138.0
008 050315s2005 enk frb 001 0 eng d
020 _a9780199272815
_qhardback
020 _a0199272816
_qhardback
020 _a9780199272822
_qpbk.
020 _a0199272824
_qpbk.
040 _aDLC
_cDLC
_dDLC
_dEG-GICUC
_beng
_erda
050 0 0 _aK3240
_b.N66 2005
082 0 0 _a341.48
_221
092 0 4 _221
099 _aLaw 11 2005
245 0 0 _aNon-state actors and human rights /
_cedited by Philip Alston.
264 _aOxford [England] ;
_aNew York :
_bOxford University Press,
_c2005.
300 _aix, 387 pages ;
_c24 cm.
336 _atext
_2rdacontent
337 _aComputer
_2rdamedia
338 _aOnline Resource
_2rdacarrier
440 0 _aCollected courses of the Academy of European Law ;
_vv. 13/3
500 _a"Academy of European Law, European University Institute in collaboration with the Center for Human Rights and Global Justice, New York University School of Law."
504 _aIncludes bibliographical references (p. [351]-368) and index.
505 0 _aThe 'not-a-cat' syndrome : can the international human rights regime accommodate non-state actors? / Philip Alston -- The changing international legal framework for dealing with non-state actors / August Reinisch -- The evolving status of NGOs under international law : a threat to the inter-state system? / Menno T. Kamminga -- Economic, social, and cultural human rights and the International Monetary Fund / François Gianviti -- Catching the conscience of the king : corporate players on the international stage / Celia Wells and Juanita Elias -- Corporate responsibility and the international law of human rights : the new Lex Mercatoria / Ralph G. Steinhardt -- The accountability of multinationals for human rights violations in European law / Olivier de Schutter -- Human rights responsibilities of business as non-state actors / David Weissbrodt and Muria Kruger.
650 0 _aHuman rights.
650 0 _aJuristic persons.
650 0 _aInternational business enterprises
_xLaw and legislation.
700 1 _aAlston, Philip,
_eeditor.
710 2 _aAcademy of European Law (Florence, Italy)
710 2 _aNew York University.
_bCenter for Human Rights and Global Justice.
856 4 1 _uhttps://fll.law.cu.edu.eg/fulltext/bks/ENGB11-00111.pdf
856 4 1 _3Table of contents only
_uhttp://www.loc.gov/catdir/toc/ecip059/2005007553.html
856 4 2 _3Publisher description
_uhttp://www.loc.gov/catdir/enhancements/fy0639/2005007553-d.html
856 4 2 _3Contributor biographical information
_uhttp://www.loc.gov/catdir/enhancements/fy0725/2005007553-b.html
905 _a10
942 _2ddc
_cBK
_e21
_n0
999 _c60424
_d60424